Služba VoIP v prostredí IMS

Na minha lista:
Detalhes bibliográficos
Autor principal: Šimo, Richard (Author)
Outros Autores: Chromý, Erik (Thesis advisor)
Formato: Manuscrito Livro
Idioma:eslovaco
Publicado em: 2017
Assuntos:
Acesso em linha:http://is.stuba.sk/zp/portal_zp.pl?podrobnosti=111900
Tags: Adicionar Tag
Sem tags, seja o primeiro a adicionar uma tag!

MARC

LEADER 00000ntm a22000003a 4500
001 stuzp46683
003 SK-STU
005 20170703143810.4
007 ta
008 150427s2015----xo-----f-mn---000-0-slo-d
040 |a STU  |b slo 
041 0 |a slo 
044 |a xo 
100 1 |a Šimo, Richard  |u 037000  |4 aut  |U FEI Fakulta elektrotechniky a informatiky  |T FEI Ústav multimediálnych informačných a komunikačných technológií  |X 64925  |U E070  |Y 818  |7 A000064925 
242 0 1 |a VoIP Service in IMS Environment  |y eng 
245 1 0 |a Služba VoIP v prostredí IMS 
260 |c 2017 
300 |a 72 s.,  |b DVD 
650 4 |a IMS  |2 slo 
650 4 |a OpenIMSCore  |2 slo 
650 4 |a VoIP  |2 slo 
650 4 |a IMS  |2 eng 
650 4 |a OpenIMSCore  |2 eng 
650 4 |a VoIP  |2 eng 
700 1 |a Chromý, Erik  |u 037000  |k Z1  |4 ths  |U FEI Fakulta elektrotechniky a informatiky  |T FEI Ústav multimediálnych informačných a komunikačných technológií  |X 3861  |U E070  |Y 818  |7 A000003861 
856 4 |u http://is.stuba.sk/zp/portal_zp.pl?podrobnosti=111900 
996 |b 284EP11777  |c E*DIPL- 11777  |l EE37  |s P  |a 0  |w stuzp46683_0001